00431nam a22001577a 4500003000500000005001700005008004100022020001800063040000600081082001400087100002300101245004900124260003500173300001300208650005200221CEME20210628202310.0210113b xxu||||| |||| 00| 0 eng d a9788177587852 c. a006.3 DUN aDunham, Margaret H aData mining introductory and advanced topics aINDIAbPEARSON EDUCATIONc2013 aXV, 311P aDATA MINING - INTRODUCTORY AND ADVANCED TOPICS